<?xml version="1.0" encoding="UTF-8"?>
<record
    xmlns:xsi="http://www.w3.org/2001/XMLSchema-instance"
    xsi:schemaLocation="http://www.loc.gov/MARC21/slim http://www.loc.gov/standards/marcxml/schema/MARC21slim.xsd"
    xmlns="http://www.loc.gov/MARC21/slim">

  <leader>00380nam a22001697a 4500</leader>
  <controlfield tag="005">20160630164628.0</controlfield>
  <controlfield tag="008">160630b        xxu||||| |||| 00| 0 eng d</controlfield>
  <datafield tag="020" ind1=" " ind2=" ">
    <subfield code="a">976-0-07-462400-5</subfield>
  </datafield>
  <datafield tag="041" ind1=" " ind2=" ">
    <subfield code="a">eng</subfield>
  </datafield>
  <datafield tag="082" ind1=" " ind2=" ">
    <subfield code="b">20115</subfield>
  </datafield>
  <datafield tag="100" ind1=" " ind2=" ">
    <subfield code="a">Sen PC</subfield>
    <subfield code="9">3332</subfield>
  </datafield>
  <datafield tag="245" ind1=" " ind2=" ">
    <subfield code="a">Power Electronic</subfield>
  </datafield>
  <datafield tag="260" ind1=" " ind2=" ">
    <subfield code="b">TMH</subfield>
    <subfield code="c">2013</subfield>
  </datafield>
  <datafield tag="300" ind1=" " ind2=" ">
    <subfield code="a">1017</subfield>
  </datafield>
  <datafield tag="650" ind1=" " ind2=" ">
    <subfield code="a">Diploma Engineering</subfield>
    <subfield code="9">817</subfield>
  </datafield>
  <datafield tag="942" ind1=" " ind2=" ">
    <subfield code="c">BK</subfield>
  </datafield>
  <datafield tag="999" ind1=" " ind2=" ">
    <subfield code="c">4979</subfield>
    <subfield code="d">4977</subfield>
  </datafield>
  <datafield tag="952" ind1=" " ind2=" ">
    <subfield code="0">0</subfield>
    <subfield code="1">0</subfield>
    <subfield code="4">0</subfield>
    <subfield code="7">0</subfield>
    <subfield code="a">JRU</subfield>
    <subfield code="b">MAIN</subfield>
    <subfield code="c">SHELF-37-C</subfield>
    <subfield code="d">2016-06-30</subfield>
    <subfield code="g">825.00</subfield>
    <subfield code="l">1</subfield>
    <subfield code="o">20115</subfield>
    <subfield code="p">20115</subfield>
    <subfield code="r">2019-08-28 00:00:00</subfield>
    <subfield code="s">2019-08-19</subfield>
    <subfield code="w">2016-06-30</subfield>
    <subfield code="y">BK</subfield>
  </datafield>
  <datafield tag="952" ind1=" " ind2=" ">
    <subfield code="0">0</subfield>
    <subfield code="1">0</subfield>
    <subfield code="4">0</subfield>
    <subfield code="7">0</subfield>
    <subfield code="a">JRU</subfield>
    <subfield code="b">MAIN</subfield>
    <subfield code="c">SHELF-37-C</subfield>
    <subfield code="d">2016-06-30</subfield>
    <subfield code="g">825.00</subfield>
    <subfield code="l">3</subfield>
    <subfield code="m">2</subfield>
    <subfield code="o">20115</subfield>
    <subfield code="p">20116</subfield>
    <subfield code="r">2019-08-31 00:00:00</subfield>
    <subfield code="s">2019-08-19</subfield>
    <subfield code="w">2016-06-30</subfield>
    <subfield code="y">BK</subfield>
  </datafield>
  <datafield tag="952" ind1=" " ind2=" ">
    <subfield code="0">0</subfield>
    <subfield code="1">0</subfield>
    <subfield code="4">0</subfield>
    <subfield code="7">0</subfield>
    <subfield code="a">JRU</subfield>
    <subfield code="b">MAIN</subfield>
    <subfield code="c">SHELF-37-C</subfield>
    <subfield code="d">2016-06-30</subfield>
    <subfield code="g">825.00</subfield>
    <subfield code="l">0</subfield>
    <subfield code="o">20115</subfield>
    <subfield code="p">20117</subfield>
    <subfield code="r">2016-06-30 00:00:00</subfield>
    <subfield code="w">2016-06-30</subfield>
    <subfield code="y">BK</subfield>
  </datafield>
  <datafield tag="952" ind1=" " ind2=" ">
    <subfield code="0">0</subfield>
    <subfield code="1">0</subfield>
    <subfield code="4">0</subfield>
    <subfield code="7">0</subfield>
    <subfield code="a">JRU</subfield>
    <subfield code="b">MAIN</subfield>
    <subfield code="c">SHELF-37-C</subfield>
    <subfield code="d">2016-06-30</subfield>
    <subfield code="g">825.00</subfield>
    <subfield code="l">0</subfield>
    <subfield code="o">20115</subfield>
    <subfield code="p">20118</subfield>
    <subfield code="r">2016-06-30 00:00:00</subfield>
    <subfield code="w">2016-06-30</subfield>
    <subfield code="y">BK</subfield>
  </datafield>
  <datafield tag="952" ind1=" " ind2=" ">
    <subfield code="0">0</subfield>
    <subfield code="1">0</subfield>
    <subfield code="4">0</subfield>
    <subfield code="7">0</subfield>
    <subfield code="a">JRU</subfield>
    <subfield code="b">MAIN</subfield>
    <subfield code="c">SHELF-37-C</subfield>
    <subfield code="d">2016-06-30</subfield>
    <subfield code="g">825.00</subfield>
    <subfield code="l">0</subfield>
    <subfield code="o">20115</subfield>
    <subfield code="p">20119</subfield>
    <subfield code="r">2016-06-30 00:00:00</subfield>
    <subfield code="w">2016-06-30</subfield>
    <subfield code="y">BK</subfield>
  </datafield>
  <datafield tag="952" ind1=" " ind2=" ">
    <subfield code="0">0</subfield>
    <subfield code="1">0</subfield>
    <subfield code="4">0</subfield>
    <subfield code="7">0</subfield>
    <subfield code="a">JRU</subfield>
    <subfield code="b">MAIN</subfield>
    <subfield code="c">SHELF-37-C</subfield>
    <subfield code="d">2016-06-30</subfield>
    <subfield code="g">825.00</subfield>
    <subfield code="l">0</subfield>
    <subfield code="o">20115</subfield>
    <subfield code="p">20120</subfield>
    <subfield code="r">2016-06-30 00:00:00</subfield>
    <subfield code="w">2016-06-30</subfield>
    <subfield code="y">BK</subfield>
  </datafield>
  <datafield tag="952" ind1=" " ind2=" ">
    <subfield code="0">0</subfield>
    <subfield code="1">0</subfield>
    <subfield code="4">0</subfield>
    <subfield code="7">0</subfield>
    <subfield code="a">JRU</subfield>
    <subfield code="b">MAIN</subfield>
    <subfield code="c">SHELF-37-C</subfield>
    <subfield code="d">2016-06-30</subfield>
    <subfield code="g">825.00</subfield>
    <subfield code="l">0</subfield>
    <subfield code="o">20115</subfield>
    <subfield code="p">20121</subfield>
    <subfield code="r">2016-06-30 00:00:00</subfield>
    <subfield code="w">2016-06-30</subfield>
    <subfield code="y">BK</subfield>
  </datafield>
  <datafield tag="952" ind1=" " ind2=" ">
    <subfield code="0">0</subfield>
    <subfield code="1">0</subfield>
    <subfield code="4">0</subfield>
    <subfield code="7">0</subfield>
    <subfield code="a">JRU</subfield>
    <subfield code="b">MAIN</subfield>
    <subfield code="c">SHELF-37-C</subfield>
    <subfield code="d">2016-06-30</subfield>
    <subfield code="g">825.00</subfield>
    <subfield code="l">0</subfield>
    <subfield code="o">20115</subfield>
    <subfield code="p">20122</subfield>
    <subfield code="r">2016-06-30 00:00:00</subfield>
    <subfield code="w">2016-06-30</subfield>
    <subfield code="y">BK</subfield>
  </datafield>
  <datafield tag="952" ind1=" " ind2=" ">
    <subfield code="0">0</subfield>
    <subfield code="1">0</subfield>
    <subfield code="4">0</subfield>
    <subfield code="7">0</subfield>
    <subfield code="a">JRU</subfield>
    <subfield code="b">MAIN</subfield>
    <subfield code="c">SHELF-37-C</subfield>
    <subfield code="d">2016-06-30</subfield>
    <subfield code="g">825.00</subfield>
    <subfield code="l">2</subfield>
    <subfield code="o">20115</subfield>
    <subfield code="p">20123</subfield>
    <subfield code="r">2016-09-08 00:00:00</subfield>
    <subfield code="s">2016-08-29</subfield>
    <subfield code="w">2016-06-30</subfield>
    <subfield code="y">BK</subfield>
  </datafield>
  <datafield tag="952" ind1=" " ind2=" ">
    <subfield code="0">0</subfield>
    <subfield code="1">0</subfield>
    <subfield code="4">0</subfield>
    <subfield code="7">0</subfield>
    <subfield code="a">JRU</subfield>
    <subfield code="b">MAIN</subfield>
    <subfield code="c">SHELF-37-C</subfield>
    <subfield code="d">2016-06-30</subfield>
    <subfield code="g">825.00</subfield>
    <subfield code="l">2</subfield>
    <subfield code="m">1</subfield>
    <subfield code="o">20115</subfield>
    <subfield code="p">20124</subfield>
    <subfield code="r">2018-03-09 00:00:00</subfield>
    <subfield code="s">2018-02-16</subfield>
    <subfield code="w">2016-06-30</subfield>
    <subfield code="y">BK</subfield>
  </datafield>
  <datafield tag="952" ind1=" " ind2=" ">
    <subfield code="0">0</subfield>
    <subfield code="1">0</subfield>
    <subfield code="4">0</subfield>
    <subfield code="7">0</subfield>
    <subfield code="a">JRU</subfield>
    <subfield code="b">MAIN</subfield>
    <subfield code="c">SHELF-37-C</subfield>
    <subfield code="d">2016-06-30</subfield>
    <subfield code="g">825.00</subfield>
    <subfield code="l">2</subfield>
    <subfield code="o">20115</subfield>
    <subfield code="p">20125</subfield>
    <subfield code="r">2017-05-06 00:00:00</subfield>
    <subfield code="s">2017-05-05</subfield>
    <subfield code="w">2016-06-30</subfield>
    <subfield code="y">BK</subfield>
  </datafield>
  <datafield tag="952" ind1=" " ind2=" ">
    <subfield code="0">0</subfield>
    <subfield code="1">0</subfield>
    <subfield code="4">0</subfield>
    <subfield code="7">0</subfield>
    <subfield code="a">JRU</subfield>
    <subfield code="b">MAIN</subfield>
    <subfield code="c">SHELF-37-C</subfield>
    <subfield code="d">2016-06-30</subfield>
    <subfield code="g">825.00</subfield>
    <subfield code="l">1</subfield>
    <subfield code="o">20115</subfield>
    <subfield code="p">20126</subfield>
    <subfield code="r">2019-11-18 00:00:00</subfield>
    <subfield code="s">2019-11-08</subfield>
    <subfield code="w">2016-06-30</subfield>
    <subfield code="y">BK</subfield>
  </datafield>
  <datafield tag="952" ind1=" " ind2=" ">
    <subfield code="0">0</subfield>
    <subfield code="1">0</subfield>
    <subfield code="4">0</subfield>
    <subfield code="7">0</subfield>
    <subfield code="8">REF</subfield>
    <subfield code="a">JRU</subfield>
    <subfield code="b">MAIN</subfield>
    <subfield code="c">SHELF-72-B</subfield>
    <subfield code="d">2016-06-30</subfield>
    <subfield code="g">825.00</subfield>
    <subfield code="l">0</subfield>
    <subfield code="o">20115</subfield>
    <subfield code="p">20127</subfield>
    <subfield code="r">2016-06-30 00:00:00</subfield>
    <subfield code="w">2016-06-30</subfield>
    <subfield code="y">BK</subfield>
  </datafield>
  <datafield tag="952" ind1=" " ind2=" ">
    <subfield code="0">0</subfield>
    <subfield code="1">0</subfield>
    <subfield code="4">0</subfield>
    <subfield code="7">0</subfield>
    <subfield code="a">JRU</subfield>
    <subfield code="b">MAIN</subfield>
    <subfield code="c">SHELF-37-C</subfield>
    <subfield code="d">2016-06-30</subfield>
    <subfield code="g">825.00</subfield>
    <subfield code="l">0</subfield>
    <subfield code="o">20115</subfield>
    <subfield code="p">20128</subfield>
    <subfield code="r">2016-06-30 00:00:00</subfield>
    <subfield code="w">2016-06-30</subfield>
    <subfield code="y">BK</subfield>
  </datafield>
</record>
